Developmental physical education for today's children / (Record no. 5265)
[ view plain ]
| 000 -LEADER | |
|---|---|
| fixed length control field | 00802cam a22002412 4500 |
| 001 - CONTROL NUMBER | |
| control field | 0000001444 |
| 005 - DATE AND TIME OF LATEST TRANSACTION | |
| control field | 20151217151817.0 |
| 008 - FIXED-LENGTH DATA ELEMENTS--GENERAL INFORMATION | |
| fixed length control field | 070312s xx 000 0 eng d |
| 020 ## - INTERNATIONAL STANDARD BOOK NUMBER | |
| International Standard Book Number | 06971420486 : |
| Terms of availability | KES 500 (donation) |
| 040 ## - CATALOGING SOURCE | |
| Original cataloging agency | KABU |
| Transcribing agency | KABU |
| 050 #0 - LIBRARY OF CONGRESS CALL NUMBER | |
| Classification number | GV443 |
| Item number | .G35 1993 |
| 100 1# - MAIN ENTRY--PERSONAL NAME | |
| Personal name | Gallahue, David L. |
| -- | 0000028048 |
| 245 10 - TITLE STATEMENT | |
| Title | Developmental physical education for today's children / |
| Statement of responsibility, etc. | David L. Gallahue. |
| 250 ## - EDITION STATEMENT | |
| Edition statement | 2nd ed. |
| 260 ## - PUBLICATION, DISTRIBUTION, ETC. (IMPRINT) | |
| Place of publication, distribution, etc. | Madison, Wisconsin : |
| Name of publisher, distributor, etc. | Wm. C. Brown Communications, |
| Date of publication, distribution, etc. | c1993. |
| 300 ## - PHYSICAL DESCRIPTION | |
| Extent | xxiv, 616 p. ; |
| Dimensions | 24 cm. |
| 650 #0 - SUBJECT ADDED ENTRY--TOPICAL TERM | |
| Topical term or geographic name as entry element | Physical education for children. |
| -- | 0000150208 |
| 650 #0 - SUBJECT ADDED ENTRY--TOPICAL TERM | |
| Topical term or geographic name as entry element | Movement education. |
| -- | 0000028625 |
| 650 #0 - SUBJECT ADDED ENTRY--TOPICAL TERM | |
| Topical term or geographic name as entry element | Motor learning. |
| -- | 0000150209 |
| 908 ## - PUT COMMAND PARAMETER (RLIN) | |
| Put command parameter | 070312 |
| 950 ## - LOCAL HOLDINGS (RLIN) | |
| -- | 1 |
| Withdrawn status | Lost status | Source of classification or shelving scheme | Not for loan | Home library | Current library | Date acquired | Total Checkouts | Full call number | Barcode | Date last seen | Price effective from | Koha item type |
|---|---|---|---|---|---|---|---|---|---|---|---|---|
| Library of Congress Classification | Kabarak, Main Campus | Kabarak, Main Campus | 17/12/2015 | GV443 .G35 1993 | 000785 | 17/12/2015 | 17/12/2015 | General Collection |